| 000 | 00722nam a2200253 a 4500 | ||
|---|---|---|---|
| 001 | BRL_1508 | ||
| 005 | 20190320211235.0 | ||
| 008 | 100214s2002----enkabo####---#000-0#eng-# | ||
| 020 | _a0714125628 | ||
| 041 | _aeng | ||
| 044 | _aenk | ||
| 050 | 4 |
_aNK8814.A1 _b.S29 2002 |
|
| 100 | 1 |
_aSayer, Chloë _94413 |
|
| 245 | 1 | 0 |
_aTextiles from Mexico _cChloë Sayer ; photographer Mike Rowe. |
| 260 |
_aLondon _bThe Brtich Museum _c2002 |
||
| 300 |
_a87 p. _bil., fotografías (a color), mapas _c23 cm. |
||
| 500 | _aAu1626 | ||
| 500 | _aIncluye dedicatoria a Ruth Lechuga | ||
| 650 | 1 | 4 |
_aTelas _zMéxico _926370 |
| 650 | 1 | 4 |
_aBordado _zMéxico _94710 |
| 700 | 1 |
_aRowe, Mike _eil. _927126 |
|
| 902 | _aGRL | ||
| 942 |
_2lcc _cB |
||
| 999 |
_c10318 _d10318 |
||